Mort subite#2 lacq orthez - Statistiques

Statistiques générales
  • Ce quiz a été pris 56 fois
  • Le résultat moyen est 6 sur 12
Answers on the Grid
Answers color-coded by a green-red scale on the quiz's grid according to % correct below.
Bayonne
Baigts de bearn
Saint boes
Abidos
Hendaye
Toulouse
Lacommande
Villefranque
Lacq
Bonnut
Loubieng
Labatut
Y
Orthez
Saint jean de luz
Monein
Saint jean pied de port
Biaritz
Puyoo
Lahontan
Anglet
Balansun
Berenx
Soumoulou
 
Statistiques - réponses
Réponse % Correct
Lacq
91%
Baigts de bearn
82%
Orthez
82%
Bonnut
73%
Abidos
64%
Puyoo
64%
Saint boes
55%
Loubieng
27%
Monein
27%
Balansun
18%
Labatut
9%
Lacommande
9%
Aucun quiz correspondant
Distribution des résultats
% des personnes avec chaque résultat
Percentile par nombre de réponses
Votre historique - résultats
Vous n’avez pas pris ce quiz